01270nam a2200289 a 4500001001000000005001700010008004100027041000800068044000700076084002100083100004500104245008700149260003100236300001700267500006900284500005200353500019900405500004500604500001000649546002500659650005200684650005600736650003400792650004500826700005900871740005000930BRCA_300120190320204050.0190109s1608----fr-#---###---#000-0#fre-u afre afr a322b.B374c16811 aCervantes Saavedra, Miguel ded1547-161610aHistorie de l´Admirable Don Quichotte de la ManchecMiguel de Cervantes Saavedra. aParisbClaude Barbinc1681 a2 v.c14 cm. aContenido : v 1. Primera parte. Advertencia del traductor. Texto aEdición : Traduit par Filleau de Saint-Martin aTraducción de Filleau de Saint-Martin, reimpresión de la anterior (1678). Las láminas que adornan esta edición son copia de las de la edición de Bruselas de 1622. Piel Lúdovik Osterc aExistencias : Falta el segundo volúmen aQM251 aTexto en : francés14aNovela españolayÉpoca clásica, 1500-170014aLiteratura españolayÉpoca clásica, 1500-170014aNovela españolaySiglo XVII14aDon Quijote (Personaje ficticio)eNovela1 aSaint-Martin, Francois Filleu ded1632-1695eTraductor0 aEl Ingenioso Hidalgo Don Quijote de la Mancha